जात-पांत का विनाश/ (Record no. 214075)

MARC details
000 -LEADER
fixed length control field 00844nam a22001937a 4500
005 - DATE AND TIME OF LATEST TRANSACTION
control field 20260109164606.0
010 ## - LCCN (DPL NO)
LC control number HIN-130739
020 ## - INTERNATIONAL STANDARD BOOK NUMBER
Terms of availability 175.00
International Standard Book Number 9789367934494
035 ## - SYSTEM CONTROL NUMBER
System control number HN-103085
037 ## - SOURCE OF ACQUISITION
Source of stock number/acquisition DBAD
082 ## - DEWEY DECIMAL CLASSIFICATION NUMBER
Classification number 305.562
Edition number 1
100 ## - MAIN ENTRY--PERSONAL NAME
Personal name अम्बेडकर, भीमराव
245 ## - TITLE STATEMENT
Title जात-पांत का विनाश/
Statement of responsibility, etc भीमराव अम्बेडकर
250 ## - EDITION STATEMENT
Edition statement 1
260 ## - PUBLICATION, DISTRIBUTION, ETC. (IMPRINT)
Name of publisher, distributor, etc प्रभाकर प्रकाशन
Date of publication, distribution, etc 2025
Place of publication, distribution, etc दिल्ली
270 ## - ADDRESS
City दिल्ली
Address प्लाट न.-55, मेन मदर डेरी रोड, पांडव नगर ईस्ट
Postal code 110092
Telephone number 011-40395855
-- 8368220032
300 ## - PHYSICAL DESCRIPTION
Extent विस्पृतृ पृ.
Dimensions 21सेमी (अजिल्द)
942 ## - ADDED ENTRY ELEMENTS (KOHA)
Source of classification or shelving scheme Dewey Decimal Classification
Item type Hindi Books
Classification part 305.562
Call number suffix अम्बेड
Holdings
Withdrawn status Lost status Not for loan Collection code Home library Current library Date acquired Source of acquisition Cost, normal purchase price Full call number Barcode Copy number Cost, replacement price Koha item type
      Non-fiction Bawana Bawana 09/01/2026 Delivery of Books Act Division 175.00 305.562 अम्बेड HN-103085 1 175.00 Hindi Books

© Delhi Public Library
Hit Counter
free hit counter